000
00293nam a22001337a 4500
008
170727b xxu||||| |||| 00| 0 eng d
020
_a
2901890774386
041
_a
eng
080
_a
004
100
_a
31
101
_a
SHK
245
_a
MURACH'S VISUAL BASIC 2005
_c
BOEHM,A
942
_2
udc
_c
BK
999
_c
21985
_d
21985